000 00586nam a2200217 i 4500
001 C2-0028594
003 PPAK
005 20190630222014.0
008 970205s1983 ilu |||| ||||| | eng d
040 _aPPAK
_beng
_cPPAK
_erda
082 0 4 _a658.8106
_223
090 0 0 _a658.8106
_bCAV
_dR
100 1 _aCavalier, Richard,
_eauthor
245 1 0 _aSales meetings that work
264 1 _aHomewood, Ill. :
_bDow Zones-Irwin ,
_c1983
300 _aix, 244 pages ;
_c24 cm
336 _2rdacontent
_atext
337 _2rdamedia
_aunmediated
338 _2rdacarrier
_avolume
942 _ddc
_cB
999 _c5196
_d5196